[Event "Povolje_2014_open"]
[Site "Ulyanovsk"]
[Date "2014.08.28"]
[Round "4"]
[White "Abdulyazanov, Malik"]
[Black "Mirzaev, Aziz"]
[Result "0-1"]
[WhiteElo "2323"]
[BlackElo "2305"]
[PlyCount "172"]
[EventDate "2014.08.26"]
[EventRounds "9"]
[EventCountry "RUS"]

1. e4 c5 2. Nf3 d6 3. d4 cxd4 4. Nxd4 Nf6 5. Nc3 a6 6. Bg5 e6 7. Qe2 h6 8. Bh4
Nc6 9. O-O-O Nxd4 10. Rxd4 Qb6 11. Rd2 Be7 12. f4 Qc5 13. g4 Bd7 14. e5 dxe5
15. fxe5 Nd5 16. Bxe7 Kxe7 17. Nxd5+ exd5 18. Bg2 Be6 19. Rhd1 Rhd8 20. Rd4
Rac8 21. Qd2 b5 22. Kb1 Rc6 23. c3 Rb6 24. h4 a5 25. Qf4 Rbb8 26. h5 b4 27.
cxb4 Rxb4 28. Rxb4 axb4 29. Rc1 Qa5 30. Qd4 Ra8 31. Qc5+ Qxc5 32. Rxc5 Bxg4 33.
Bxd5 Ra7 34. Kc2 Bxh5 35. Kb3 g5 36. Kxb4 Be2 37. Rc2 Bd3 38. Rf2 Bg6 39. a4 g4
40. a5 h5 41. Kb5 Rd7 42. Bc6 Rc7 43. Bd5 Rd7 44. Bc6 Rc7 45. Bg2 g3 46. Rd2 h4
47. a6 Rc1 48. a7 Ra1 49. a8=Q Rxa8 50. Bxa8 Ke6 51. Kc5 Kxe5 52. Re2+ Kf4 53.
b4 Bd3 54. Re1 h3 55. b5 g2 56. Rg1 Be4 57. Bxe4 Kxe4 58. b6 h2 59. Rxg2 h1=Q
60. Re2+ Kd3 61. Re7 Qc1+ 62. Kd6 Qf4+ 63. Kd7 Qd4+ 64. Ke8 Qxb6 65. Kxf7 Kd4
66. Re6 Qc7+ 67. Re7 Qd6 68. Ke8 Qf6 69. Rd7+ Kc5 70. Rc7+ Kb6 71. Re7 Qf5 72.
Rf7 Qg6 73. Kf8 Kc6 74. Rg7 Qh5 75. Ke7 Qf5 76. Rf7 Qe5+ 77. Kf8 Kd6 78. Kg8
Ke6 79. Rh7 Qg5+ 80. Rg7 Qh5 81. Rg1 Qf7+ 82. Kh8 Qf8+ 83. Kh7 Qf7+ 84. Kh6
Qf4+ 85. Kg6 Qe4+ 86. Kh5 Qh7+ 0-1

[Event "Povolje_2014_open"]
[Site "Ulyanovsk"]
[Date "2014.08.28"]
[Round "4"]
[White "Dobrocmyslov, Artem"]
[Black "Parfenov, Vladimir"]
[Result "1-0"]
[WhiteElo "1983"]
[BlackElo "1999"]
[PlyCount "23"]
[EventDate "2014.08.26"]
[EventRounds "9"]
[EventCountry "RUS"]

1. e4 c5 2. Nf3 Nc6 3. c3 d5 4. exd5 Qxd5 5. d4 cxd4 6. cxd4 Bg4 7. Be2 e6 8.
Nc3 Bb4 9. O-O Qd7 10. d5 Bxc3 11. dxc6 Qxc6 12. bxc3 1-0

[Event "Povolje_2014_open"]
[Site "Ulyanovsk"]
[Date "2014.08.28"]
[Round "4"]
[White "Saveliev, Dmitri"]
[Black "Sazonov, Anatoliy"]
[Result "1-0"]
[WhiteElo "2102"]
[BlackElo "1889"]
[PlyCount "99"]
[EventDate "2014.08.26"]
[EventRounds "9"]
[EventCountry "RUS"]

1. e4 e5 2. d4 exd4 3. Bc4 Bb4+ 4. c3 dxc3 5. bxc3 Qf6 6. Qb3 Bc5 7. Nf3 h6 8.
e5 Qg6 9. O-O Ne7 10. Rd1 O-O 11. Na3 a6 12. Bd3 Qe6 13. Qa4 Nbc6 14. Re1 Ng6
15. Be3 Bxa3 16. Qxa3 Ngxe5 17. Nxe5 Nxe5 18. Bd4 d6 19. f4 Nxd3 20. Rxe6 fxe6
21. g3 b6 22. Rd1 Nc5 23. Bxc5 bxc5 24. Qa5 Rf7 25. Rb1 e5 26. fxe5 Bh3 27. e6
Bxe6 28. Rf1 Rxf1+ 29. Kxf1 Bc4+ 30. Kg1 Ra7 31. Qa4 Bb5 32. Qe4 Bd7 33. Qe7
Bc6 34. Kf2 Rb7 35. Ke3 Bd5 36. Qe8+ Kh7 37. c4 Rb1 38. Kd3 Bg2 39. Qc8 Rb7 40.
g4 g6 41. h4 Bh1 42. g5 h5 43. Qd7+ Kh8 44. Qe8+ Kg7 45. Qe7+ Kg8 46. Qe6+ Kf8
47. Qf6+ Ke8 48. Qxg6+ Kd7 49. Qf7+ Kc6 50. Qf1 1-0

[Event "Povolje_2014_open"]
[Site "Ulyanovsk"]
[Date "2014.08.28"]
[Round "4"]
[White "Chesalkin, Vladimir"]
[Black "Parshakov, Vladimir"]
[Result "1-0"]
[WhiteElo "2078"]
[BlackElo "1909"]
[PlyCount "61"]
[EventDate "2014.08.26"]
[EventRounds "9"]
[EventCountry "RUS"]

1. d4 Nf6 2. Nf3 b6 3. c4 e6 4. a3 Bb7 5. Nc3 Be7 6. Bf4 O-O 7. e3 d6 8. Bd3
Nbd7 9. e4 h6 10. O-O Re8 11. Bg3 Nf8 12. Re1 Nh5 13. b4 Nxg3 14. hxg3 c5 15.
bxc5 dxc5 16. d5 Ng6 17. e5 exd5 18. Bxg6 fxg6 19. cxd5 g5 20. d6 Bf8 21. Nb5
g4 22. Nh4 Qd7 23. Nc7 g5 24. Nxe8 Rxe8 25. Ng6 Qc6 26. f3 gxf3 27. Qxf3 Qd7
28. e6 Qg7 29. Qf7+ Qxf7 30. exf7+ Kxf7 31. Nh8+ 1-0

[Event "Povolje_2014_open"]
[Site "Ulyanovsk"]
[Date "2014.08.28"]
[Round "4"]
[White "Sounov, Batyr"]
[Black "Beldyugin, Alexey"]
[Result "0-1"]
[WhiteElo "1917"]
[BlackElo "2070"]
[PlyCount "86"]
[EventDate "2014.08.26"]
[EventRounds "9"]
[EventCountry "RUS"]

1. e4 d6 2. d4 e5 3. c3 Nf6 4. Bd3 Nc6 5. Ne2 d5 6. exd5 Qxd5 7. O-O exd4 8.
cxd4 Bd6 9. Nbc3 Qh5 10. f4 O-O 11. a3 Re8 12. h3 Bf5 13. Qc2 Bxd3 14. Qxd3
Rad8 15. Be3 Nd5 16. Nxd5 Qxd5 17. Nc3 Qh5 18. Rad1 Ne7 19. f5 Qh4 20. Nb5 Nd5
21. Bf2 Qe4 22. Qxe4 Rxe4 23. Nxd6 Rxd6 24. Rfe1 Rxe1+ 25. Rxe1 g6 26. Re8+ Kg7
27. Bg3 Rb6 28. Rd8 c6 29. b4 gxf5 30. Be5+ f6 31. Rd7+ Kg6 32. Bd6 Ra6 33.
Rxb7 Rxa3 34. b5 Ra1+ 35. Kf2 cxb5 36. Kg3 f4+ 37. Kf3 h5 38. Ke4 Ne3 39. g3
fxg3 40. Bxg3 Nf5 41. Bb8 Re1+ 42. Kd5 a6 43. Rb6 Ne7+ 0-1

[Event "Povolje_2014_open"]
[Site "Ulyanovsk"]
[Date "2014.08.28"]
[Round "4"]
[White "Kolosov, Anatoly"]
[Black "Poletaev, Vitaly"]
[Result "0-1"]
[WhiteElo "1900"]
[BlackElo "1948"]
[PlyCount "154"]
[EventDate "2014.08.26"]
[EventRounds "9"]
[EventCountry "RUS"]

1. e4 c6 2. d4 d5 3. exd5 cxd5 4. Nf3 Nc6 5. Be2 g6 6. O-O Bg7 7. c3 Nf6 8.
Nbd2 O-O 9. Re1 Qc7 10. Bd3 Bg4 11. h3 Bd7 12. Nf1 Rfe8 13. Bg5 e5 14. dxe5
Nxe5 15. Bf4 Nxf3+ 16. Qxf3 Qc6 17. Ne3 Be6 18. Be5 Ne4 19. Bxg7 Kxg7 20. Rad1
f5 21. Qe2 a6 22. Nc2 Bf7 23. Nd4 Qf6 24. Qf3 Re5 25. Qf4 Rae8 26. Qc1 f4 27.
Nf3 R5e7 28. Qc2 g5 29. c4 h5 30. cxd5 Bxd5 31. Nh2 Bc6 32. Bxe4 Bxe4 33. Qd2
Bc6 34. Rxe7+ Rxe7 35. Nf3 g4 36. hxg4 hxg4 37. Nd4 Rd7 38. Qd3 Rd5 39. Qc3 Kh8
40. Rd2 Qe5 41. Nb3 Qxc3 42. bxc3 Re5 43. Rd4 g3 44. fxg3 Re3 45. gxf4 Rxc3 46.
Rd2 Kg7 47. Kf2 Kg6 48. Nd4 Bd7 49. Nf3 Be6 50. g4 Bxg4 51. Nd4 Ra3 52. Rb2 b5
53. Nxb5 axb5 54. Rxb5 Rf3+ 55. Kg2 Rxf4 56. Kg3 Ra4 57. a3 Be6 58. Rb6 Kf5 59.
Rb5+ Kf6 60. Rb4 Rxa3+ 61. Kf4 Rh3 62. Rb6 Rh4+ 63. Ke3 Ke5 64. Kd2 Bd5 65. Rb8
Kd4 66. Re8 Rh2+ 67. Re2 Rh3 68. Re7 Ra3 69. Rc7 Rd3+ 70. Kc2 Rg3 71. Kb2 Rg2+
72. Rc2 Rg3 73. Rc7 Rg6 74. Rc8 Rb6+ 75. Ka3 Bc4 76. Ka4 Kc3 77. Ka5 Ra6# 0-1

[Event "Povolje_2014_open"]
[Site "Ulyanovsk"]
[Date "2014.08.28"]
[Round "4"]
[White "Nikitin, Dmitry"]
[Black "Chugunov, Vyacheslav"]
[Result "1-0"]
[WhiteElo "1833"]
[BlackElo "1936"]
[PlyCount "143"]
[EventDate "2014.08.26"]
[EventRounds "9"]
[EventCountry "RUS"]

1. e4 c5 2. Nf3 Nc6 3. d4 cxd4 4. Nxd4 d6 5. c4 g6 6. Nc3 Bg7 7. Be3 Nf6 8. Be2
O-O 9. O-O Bd7 10. f3 Re8 11. Qd2 Rc8 12. Nd5 Ne5 13. Rac1 Bc6 14. Qb4 Bxd5 15.
cxd5 Ned7 16. Qxb7 Rb8 17. Qxa7 Rxb2 18. Bb5 Qa8 19. Rc7 Nxd5 20. exd5 Bxd4 21.
Bxd4 Rxb5 22. Rxd7 Qxd5 23. Be3 Ra5 24. Qc7 Qe5 25. Qb6 Rxa2 26. Rd8 Rxd8 27.
Qxd8+ Kg7 28. Qb6 Qd5 29. Qd4+ Qxd4 30. Bxd4+ e5 31. Bc3 Kf6 32. Rd1 Ke6 33.
Rd2 Ra4 34. Rb2 Rc4 35. Bd2 f6 36. Rb7 h5 37. Kf2 g5 38. g3 h4 39. g4 Ra4 40.
h3 Ra3 41. Rc7 e4 42. Rc3 Ra2 43. Ke2 d5 44. fxe4 dxe4 45. Rb3 f5 46. Rb6+ Ke5
47. Rb5+ Kd4 48. gxf5 Ra3 49. Bxg5 Rxh3 50. Bf6+ Kc4 51. Re5 Kd4 52. Ra5+ Kc4
53. Ra4+ Kd5 54. Rd4+ Kc5 55. Rxe4 Rh2+ 56. Kf3 h3 57. Rh4 Rh1 58. Be7+ Kd5 59.
f6 Ke6 60. Kg3 Rf1 61. Kxh3 Rg1 62. Rg4 Rf1 63. Kh4 Rh1+ 64. Kg5 Kf7 65. Kf5
Rf1+ 66. Rf4 Rg1 67. Bd6 Rd1 68. Be5 Re1 69. Ra4 Rf1+ 70. Bf4 Rb1 71. Ra7+ Ke8
72. f7+ 1-0

[Event "Povolje_2014_open"]
[Site "Ulyanovsk"]
[Date "2014.08.28"]
[Round "4"]
[White "Pavlov, Anatoly F"]
[Black "Usachev, Andrey"]
[Result "1/2-1/2"]
[WhiteElo "2066"]
[BlackElo "1900"]
[PlyCount "141"]
[EventDate "2014.08.26"]
[EventRounds "9"]
[EventCountry "RUS"]

1. c4 e5 2. Nc3 Nf6 3. g3 c6 4. d4 e4 5. d5 d6 6. Bg2 Bf5 7. Bg5 Be7 8. Qb3
cxd5 9. cxd5 Nbd7 10. Nh3 O-O 11. Be3 Re8 12. O-O b6 13. Kh1 a6 14. Bd4 h6 15.
Rac1 Nc5 16. Qd1 a5 17. Ng1 Qd7 18. Qd2 Nh7 19. Bxc5 bxc5 20. Nxe4 Ng5 21. Nxg5
Bxg5 22. e3 Bf6 23. Ne2 a4 24. Nc3 Rab8 25. Rfe1 Bg6 26. Re2 Rb4 27. e4 Bd4 28.
f3 Reb8 29. Rc2 Qb7 30. h4 f5 31. Bh3 fxe4 32. fxe4 Qe7 33. Bf5 Bh5 34. g4 Bxg4
35. Bxg4 Qxh4+ 36. Rh2 Qxg4 37. Qg2 Qxg2+ 38. Rhxg2 Bxc3 39. bxc3 Rxe4 40. Rg6
Rd8 41. Rcg2 Rh4+ 42. Kg1 Rd7 43. Re6 Rh5 44. Kf1 Rxd5 45. Rxh6 Rf7+ 46. Ke2
Re7+ 47. Kf3 Rd3+ 48. Kf4 d5 49. Rd6 Re4+ 50. Kf5 Rf3+ 51. Kg6 Re5 52. Rd8+ Rf8
53. Rd6 Rfe8 54. Rd2 R8e6+ 55. Rxe6 Rxe6+ 56. Kf5 Re3 57. Rxd5 Rxc3 58. Rd8+
Kh7 59. Ra8 Ra3 60. Rc8 Rxa2 61. Rxc5 Rf2+ 62. Kg4 Rb2 63. Rh5+ Kg6 64. Rg5+
Kh7 65. Ra5 Rb4+ 66. Kg5 Rc4 67. Ra7 Rc5+ 68. Kg4 Rc4+ 69. Kg5 Kg8 70. Kg6 Kf8
71. Kf5 1/2-1/2

[Event "Povolje_2014_open"]
[Site "Ulyanovsk"]
[Date "2014.08.28"]
[Round "4"]
[White "Pisarenko, Oleg"]
[Black "Logunova, Elizaveta"]
[Result "1/2-1/2"]
[WhiteElo "1997"]
[BlackElo "1709"]
[PlyCount "106"]
[EventDate "2014.08.26"]
[EventRounds "9"]
[EventCountry "RUS"]

1. d4 Nf6 2. Nf3 c6 3. c4 d5 4. Nc3 e6 5. Bg5 Be7 6. e3 Nbd7 7. Rc1 O-O 8. Bd3
dxc4 9. Bxc4 b5 10. Bb3 a6 11. O-O Bb7 12. Qe2 Rc8 13. Rfd1 Nd5 14. Ne4 h6 15.
Bxe7 Qxe7 16. Nc5 Nxc5 17. Rxc5 Rc7 18. Rdc1 Rfc8 19. Bxd5 cxd5 20. Rxc7 Rxc7
21. Qd2 Rc4 22. b3 Rc7 23. Rc2 Qd6 24. Qc1 Rxc2 25. Qxc2 Qc6 26. Qxc6 Bxc6 27.
b4 Kf8 28. Ne5 Bb7 29. Nd7+ Ke7 30. Nc5 Bc8 31. f3 Kd6 32. Kf2 f6 33. Kg3 g6
34. Nd3 e5 35. Kf2 Bf5 36. Nc5 Bc8 37. Ke2 exd4 38. exd4 Kc6 39. f4 Kd6 40. Kf3
Kc6 41. g4 g5 42. Kg3 Kd6 43. Nd3 Ke6 44. Kf3 Kd6 45. Nc1 Ke6 46. Ne2 Kf7 47.
Nc3 Ke6 48. Ne2 Kf7 49. Ng3 Kg6 50. Nh5 Bxg4+ 51. Kxg4 f5+ 52. Kg3 Kxh5 53. h3
Kg6 1/2-1/2

[Event "Povolje_2014_open"]
[Site "Ulyanovsk"]
[Date "2014.08.28"]
[Round "4"]
[White "Ivanov, Nikolay A"]
[Black "Golubchikov, Alexey"]
[Result "1-0"]
[WhiteElo "1944"]
[BlackElo "1774"]
[PlyCount "121"]
[EventDate "2014.08.26"]
[EventRounds "9"]
[EventCountry "RUS"]

1. c4 c6 2. Nc3 d5 3. e3 Nf6 4. Nf3 Bg4 5. Qb3 Qb6 6. d4 Nbd7 7. cxd5 Qxb3 8.
axb3 Nxd5 9. Nxd5 cxd5 10. Bd2 Bxf3 11. gxf3 e5 12. Bc3 exd4 13. Bxd4 Bc5 14.
Bxg7 Rg8 15. Bc3 Ke7 16. Bh3 Rg5 17. f4 Rh5 18. Bg4 Rh4 19. Bf3 Nf6 20. Rd1 Rd8
21. Bxf6+ Kxf6 22. Rxd5 Rxd5 23. Bxd5 b6 24. Ke2 Rh6 25. h4 Ke7 26. Be4 Ke6 27.
h5 f5 28. Bf3 Rf6 29. Rd1 Bd6 30. Bd5+ Kd7 31. Rg1 h6 32. Rg7+ Be7 33. Bc4 a5
34. Rg1 Bc5 35. Rd1+ Rd6 36. Bd3 Ke6 37. Rg1 Bb4 38. Rg6+ Kf7 39. Rxd6 Bxd6 40.
Bxf5 Kf6 41. Bd3 Bc5 42. Bg6 Ke6 43. Kd3 Bb4 44. e4 Be1 45. Ke3 Bb4 46. f5+ Kf6
47. f4 Bc5+ 48. Kf3 Bd4 49. e5+ Kg7 50. Ke4 Bxb2 51. f6+ Kf8 52. Kd5 b5 53. Bc2
a4 54. bxa4 bxa4 55. Bxa4 Ba1 56. Ke6 Bb2 57. Kf5 Bc3 58. e6 Kg8 59. e7 Kh7 60.
e8=Q Bxf6 61. Qg6+ 1-0

[Event "Povolje_2014_open"]
[Site "Ulyanovsk"]
[Date "2014.08.28"]
[Round "4"]
[White "Pegov, Valery"]
[Black "Schankin, Sergei"]
[Result "0-1"]
[WhiteElo "1669"]
[BlackElo "1816"]
[PlyCount "72"]
[EventDate "2014.08.26"]
[EventRounds "9"]
[EventCountry "RUS"]

1. e4 e5 2. Nf3 Nc6 3. Bc4 Nf6 4. Ng5 d5 5. exd5 Na5 6. Bb5+ c6 7. dxc6 bxc6 8.
Be2 h6 9. Nh3 Bc5 10. d3 O-O 11. O-O Nd5 12. c4 Ne7 13. Bd2 Bxh3 14. gxh3 Ng6
15. Be3 Bxe3 16. fxe3 Qg5+ 17. Kf2 Rad8 18. Nd2 Nh4 19. Bf3 Rxd3 20. Qe2 Rfd8
21. Rad1 Qf5 22. Kg3 Qg5+ 23. Kf2 Nf5 24. Ne4 Qh4+ 25. Ng3 e4 26. Bg4 Nxe3 27.
Rxd3 Rxd3 28. Rc1 f5 29. Kg1 fxg4 30. Nxe4 Qd8 31. Nf2 gxh3 32. Nxd3 Qd4 33.
Nf2 Naxc4 34. Nxh3 Ne5 35. Qf2 Nd3 36. Rd1 Qg4+ 0-1

[Event "Povolje_2014_open"]
[Site "Ulyanovsk"]
[Date "2014.08.28"]
[Round "4"]
[White "Mikeev, Valery"]
[Black "Sinicin, Vladimir"]
[Result "1-0"]
[WhiteElo "1784"]
[BlackElo "1686"]
[PlyCount "116"]
[EventDate "2014.08.26"]
[EventRounds "9"]
[EventCountry "RUS"]

1. e4 c5 2. Nf3 d6 3. d4 cxd4 4. Nxd4 Nf6 5. Nc3 a6 6. Bg5 e6 7. Qd2 Be7 8.
O-O-O Nc6 9. Be2 O-O 10. h4 Bd7 11. g4 b5 12. Bf3 b4 13. Nce2 Ne5 14. Bxf6 Bxf6
15. g5 Be7 16. Rhg1 a5 17. Bh1 Rc8 18. Kb1 Nc4 19. Qd3 e5 20. Nf5 Bb5 21. Qf3
Re8 22. Nxe7+ Rxe7 23. Rd5 Ba4 24. Rc1 Qb6 25. b3 Na3+ 26. Kb2 Bb5 27. c4 Bc6
28. Rxd6 Rd8 29. Rcd1 Red7 30. Rxd7 Rxd7 31. Rxd7 Bxd7 32. Kc1 Qd6 33. Qe3 Bg4
34. f3 Bh3 35. Qd2 Qxd2+ 36. Kxd2 Bf1 37. Ng3 Bh3 38. Ke1 Kf8 39. f4 f6 40. Bf3
Bd7 41. fxe5 fxe5 42. Nf5 Kf7 43. Ne3 Ke7 44. Be2 Bc6 45. Bd3 Bd7 46. Kd2 g6
47. Nd5+ Kd6 48. Ke3 Be6 49. Nf6 a4 50. Nxh7 axb3 51. axb3 Kc5 52. Kd2 Kd4 53.
Nf6 Kc5 54. Nd5 Bf7 55. Ke3 Be6 56. Kd2 Bf7 57. Nf6 Kd6 58. Nd5 Kc5 1-0

[Event "Povolje_2014_open"]
[Site "Ulyanovsk"]
[Date "2014.08.28"]
[Round "4"]
[White "Anikin, Victor"]
[Black "Abdurahmanov, Afer"]
[Result "1-0"]
[WhiteElo "1773"]
[BlackElo "1664"]
[PlyCount "73"]
[EventDate "2014.08.26"]
[EventRounds "9"]
[EventCountry "RUS"]

1. d3 d5 2. Nd2 e6 3. a3 Bc5 4. e3 Bd7 5. b4 Bb6 6. Bb2 Nf6 7. g4 h6 8. Bg2 Qe7
9. d4 Nc6 10. c4 a6 11. h3 O-O-O 12. c5 Ba7 13. Ngf3 Ne4 14. Nxe4 dxe4 15. Nd2
f5 16. Nc4 Rhf8 17. Qc2 Qh4 18. Bc3 fxg4 19. hxg4 Qxg4 20. Qxe4 Qxe4 21. Bxe4
Ne7 22. Ne5 Nd5 23. Bd2 Be8 24. Ke2 Rh8 25. Rag1 g5 26. Ke1 Nf6 27. Bc2 Bh5 28.
Rxh5 Nxh5 29. Nf7 Rdf8 30. Nxh8 Rxh8 31. Rh1 Nf6 32. e4 Rd8 33. Rxh6 Ng4 34.
Rxe6 Rxd4 35. Bxg5 Nxf2 36. Re8+ Kd7 37. Rd8+ 1-0

[Event "Povolje_2014_open"]
[Site "Ulyanovsk"]
[Date "2014.08.28"]
[Round "4"]
[White "Goncharov, Evgeniy"]
[Black "Logunov, Egor"]
[Result "1-0"]
[WhiteElo "1717"]
[BlackElo "1603"]
[PlyCount "87"]
[EventDate "2014.08.26"]
[EventRounds "9"]
[EventCountry "RUS"]

1. Nf3 d5 2. e3 Nc6 3. b3 Nf6 4. Bb2 Bf5 5. Bb5 e6 6. Nd4 Qd6 7. Ba3 Qd7 8.
Bxf8 Rxf8 9. Bxc6 bxc6 10. Nxf5 exf5 11. Nc3 Ke7 12. O-O Rfe8 13. Ne2 Kf8 14.
Nf4 c5 15. d4 cxd4 16. exd4 Re4 17. Ne2 Re7 18. Ng3 Rae8 19. Qd2 Ne4 20. Qb4
Nxg3 21. hxg3 Kg8 22. Rfe1 Re6 23. Kf1 Qe7 24. Qxe7 R8xe7 25. Rxe6 Rxe6 26. Re1
Kf8 27. Rxe6 fxe6 28. Ke2 Ke7 29. f4 Kd6 30. Kf3 h5 31. Ke3 c5 32. Kd3 Kc6 33.
c4 a6 34. a3 a5 35. Kc3 Kb6 36. dxc5+ Kxc5 37. b4+ axb4+ 38. axb4+ Kc6 39. Kd4
Kd6 40. cxd5 exd5 41. b5 g6 42. b6 Kc6 43. b7 Kxb7 44. Kxd5 1-0

[Event "Povolje_2014_open"]
[Site "Ulyanovsk"]
[Date "2014.08.28"]
[Round "4"]
[White "Breskanu, Nikita"]
[Black "Suimanov, Vladimir"]
[Result "0-1"]
[WhiteElo "1636"]
[BlackElo "1412"]
[PlyCount "44"]
[EventDate "2014.08.26"]
[EventRounds "9"]
[EventCountry "RUS"]

1. c4 Nf6 2. Nc3 e6 3. d4 c6 4. Bg5 Be7 5. Nf3 d5 6. cxd5 cxd5 7. e3 a6 8. Bd3
h6 9. Bf4 Nbd7 10. Rc1 O-O 11. O-O b6 12. Ne2 Ra7 13. Qb3 Nh5 14. Be5 f5 15. h3
Nhf6 16. Rc2 Ne4 17. Rfc1 Bb7 18. Bc7 Qa8 19. Bxb6 Nxb6 20. Qxb6 Rf6 21. Ne5
Bd8 22. Qd6 Nxd6 0-1

[Event "Povolje_2014_open"]
[Site "Ulyanovsk"]
[Date "2014.08.28"]
[Round "4"]
[White "Verevicheva, Marina"]
[Black "Gorelov, Ivan"]
[Result "1-0"]
[WhiteElo "1519"]
[BlackElo "1354"]
[PlyCount "87"]
[EventDate "2014.08.26"]
[EventRounds "9"]
[EventCountry "RUS"]

1. e4 c6 2. d4 d5 3. Nd2 dxe4 4. Nxe4 Bf5 5. Ng3 Bg6 6. Nf3 Nf6 7. Be2 Nbd7 8.
O-O e6 9. Be3 Be7 10. c3 O-O 11. Bf4 Nd5 12. Be3 Nxe3 13. fxe3 Nf6 14. Bd3 Bxd3
15. Qxd3 Bd6 16. Ne2 Bc7 17. e4 e5 18. Rad1 exd4 19. cxd4 Re8 20. Nc3 Qe7 21.
Rfe1 Rad8 22. Qc2 Ba5 23. e5 Nd5 24. Re4 Nxc3 25. bxc3 Qa3 26. Rd3 Qe7 27. a4
Qd7 28. Re1 Bb6 29. Kh1 Qe7 30. Qb3 Qe6 31. Qc2 Qe7 32. Ra1 a6 33. Rdd1 Ba7 34.
a5 Rd7 35. c4 Red8 36. c5 g5 37. h3 h6 38. Rf1 Qe6 39. Nh2 Rxd4 40. Ng4 Qg6 41.
Qb3 Rb8 42. Rf6 Qd3 43. Qxf7+ Kh8 44. Rxh6+ 1-0

[Event "Povolje_2014_open"]
[Site "Ulyanovsk"]
[Date "2014.08.28"]
[Round "5"]
[White "Abdulyazanov, Malik"]
[Black "Dobrocmyslov, Artem"]
[Result "1-0"]
[WhiteElo "2323"]
[BlackElo "1983"]
[PlyCount "85"]
[EventDate "2014.08.26"]
[EventRounds "9"]
[EventCountry "RUS"]

1. e4 e5 2. Nf3 Nc6 3. Bb5 Nf6 4. O-O Nxe4 5. d4 Nd6 6. Bxc6 dxc6 7. dxe5 Nf5
8. Qxd8+ Kxd8 9. Nc3 Ke8 10. h3 h5 11. Bg5 Be7 12. Rad1 Be6 13. b3 Rd8 14.
Rxd8+ Kxd8 15. Rd1+ Ke8 16. Kf1 h4 17. Ke2 Rh5 18. Bf4 Bb4 19. Ne4 Bd5 20. Kd3
Ne7 21. c4 Ng6 22. Bh2 Be6 23. Ke3 Ba3 24. Nfg5 Ke7 25. f4 Bc8 26. Bg1 b6 27.
Bf2 c5 28. Nc3 Bb7 29. Nd5+ Bxd5 30. cxd5 Nxe5 31. fxe5 Rxg5 32. Bxh4 f6 33.
Bxg5 fxg5 34. Ke4 Bb2 35. d6+ cxd6 36. exd6+ Kd7 37. Kd5 Bc3 38. a4 Bb2 39. g4
a6 40. Rf1 Bf6 41. Rf3 Ba1 42. Rf7+ Kc8 43. Kc6 1-0

[Event "Povolje_2014_open"]
[Site "Ulyanovsk"]
[Date "2014.08.28"]
[Round "5"]
[White "Beldyugin, Alexey"]
[Black "Shuklin, Nikolay"]
[Result "1/2-1/2"]
[WhiteElo "2070"]
[BlackElo "2113"]
[PlyCount "84"]
[EventDate "2014.08.26"]
[EventRounds "9"]
[EventCountry "RUS"]

1. c4 d6 2. g3 g6 3. Bg2 Bg7 4. d4 Nf6 5. b3 Nbd7 6. Bb2 O-O 7. Nf3 c6 8. O-O
a5 9. Nc3 e5 10. dxe5 dxe5 11. Qd6 Re8 12. Ng5 Bf8 13. Qd2 Bh6 14. h4 Qb6 15.
Na4 Qc7 16. Rad1 Bf8 17. a3 h6 18. Ne4 Nxe4 19. Bxe4 Nb6 20. Nxb6 Qxb6 21. Qc3
Qc5 22. Kg2 Be6 23. Bd3 Qd4 24. a4 Qxc3 25. Bxc3 e4 26. Bc2 f5 27. f3 exf3+ 28.
exf3 Bb4 29. Bxb4 axb4 30. Rf2 Rad8 31. Rfd2 Rxd2+ 32. Rxd2 Kf7 33. Kf2 Kf6 34.
f4 h5 35. Rd6 Ke7 36. c5 Rd8 37. Rxd8 Kxd8 38. Ke3 Ke7 39. Kd4 Kf6 40. Bd1 Bd5
41. a5 Ke6 42. Bc2 Kf6 1/2-1/2

[Event "Povolje_2014_open"]
[Site "Ulyanovsk"]
[Date "2014.08.28"]
[Round "5"]
[White "Seyfutdinov, Rustam"]
[Black "Saveliev, Dmitri"]
[Result "1/2-1/2"]
[WhiteElo "1955"]
[BlackElo "2102"]
[PlyCount "105"]
[EventDate "2014.08.26"]
[EventRounds "9"]
[EventCountry "RUS"]

1. d4 Nf6 2. Bg5 Ne4 3. Bh4 c5 4. dxc5 Qa5+ 5. c3 Qxc5 6. Nd2 Nxd2 7. Qxd2 Nc6
8. e4 d6 9. f3 Be6 10. Ne2 Ne5 11. Bf2 Qc7 12. Nf4 Bc4 13. Nd5 Qc8 14. Bxc4
Nxc4 15. Qe2 e6 16. Ne3 Nxe3 17. Bxe3 Be7 18. O-O O-O 19. Rfd1 Rd8 20. c4 Bf6
21. Rac1 Qc6 22. Rc2 Rd7 23. Rcd2 Rad8 24. Qd3 Qa6 25. b3 Qa3 26. Bd4 Bxd4+ 27.
Qxd4 b6 28. Kf1 Kf8 29. Ke2 Qc5 30. Qxc5 bxc5 31. Kd3 a5 32. a3 g5 33. Kc3 Ke7
34. b4 axb4+ 35. axb4 cxb4+ 36. Kxb4 Rb8+ 37. Kc3 Rdb7 38. Rc2 Rb3+ 39. Kd2 Ra8
40. Ke2 Raa3 41. Rcd2 g4 42. fxg4 Re3+ 43. Kf2 Rxe4 44. Rxd6 Rxg4 45. Kg1 Ra2
46. g3 Rxc4 47. Rd7+ Ke8 48. Rd8+ Ke7 49. R8d7+ Kf8 50. Rf1 f5 51. Rxh7 Rcc2
52. Rb1 Kg8 53. Rd7 1/2-1/2

[Event "Povolje_2014_open"]
[Site "Ulyanovsk"]
[Date "2014.08.28"]
[Round "5"]
[White "Poletaev, Vitaly"]
[Black "Chesalkin, Vladimir"]
[Result "1/2-1/2"]
[WhiteElo "1948"]
[BlackElo "2078"]
[PlyCount "118"]
[EventDate "2014.08.26"]
[EventRounds "9"]
[EventCountry "RUS"]

1. e4 c5 2. f4 Nc6 3. Nf3 e6 4. Bb5 Nge7 5. O-O a6 6. Be2 d5 7. Nc3 d4 8. Nb1
Qc7 9. d3 Bd7 10. Nbd2 Qxf4 11. Ng5 Qc7 12. Nxf7 Rg8 13. Nc4 Ng6 14. Bh5 e5 15.
Ng5 O-O-O 16. Nxh7 Nf4 17. Bg4 Bd6 18. Ng5 Kb8 19. Nxd6 Qxd6 20. Bxf4 exf4 21.
Nf7 Bxg4 22. Qxg4 Ne5 23. Nxe5 Qxe5 24. Qxf4 Rde8 25. Rae1 Kc7 26. Qxe5+ Rxe5
27. Rf7+ Kc6 28. Ref1 c4 29. R1f5 Rb5 30. Rxb5 axb5 31. h4 c3 32. bxc3 dxc3 33.
d4 Ra8 34. d5+ Kd6 35. Rxb7 Rxa2 36. Rb6+ Ke5 37. Re6+ Kd4 38. d6 Ra8 39. Kf2
b4 40. d7 Rd8 41. Rb6 Rxd7 42. Rxb4+ Ke5 43. Ke3 Rd2 44. Rb5+ Kf6 45. g4 Rxc2
46. Kd4 Rh2 47. Rb6+ Kf7 48. g5 Rxh4 49. Ke5 Rg4 50. Kf5 c2 51. Rc6 Rg2 52.
Rc7+ Ke8 53. e5 Kd8 54. Rc5 Kd7 55. Rc3 Rf2+ 56. Kg6 Ke6 57. Kxg7 Kxe5 58. g6
Kd4 59. Rc8 Kd3 1/2-1/2

[Event "Povolje_2014_open"]
[Site "Ulyanovsk"]
[Date "2014.08.28"]
[Round "5"]
[White "Usachev, Andrey"]
[Black "Nikitin, Dmitry"]
[Result "1/2-1/2"]
[WhiteElo "1900"]
[BlackElo "1833"]
[PlyCount "60"]
[EventDate "2014.08.26"]
[EventRounds "9"]
[EventCountry "RUS"]

1. d4 Nf6 2. c4 e6 3. Nc3 Bb4 4. Qc2 b6 5. e4 Bxc3+ 6. bxc3 c5 7. e5 Ng8 8. Bd3
Bb7 9. Be4 Qc7 10. Nf3 Ne7 11. Bxb7 Qxb7 12. O-O O-O 13. Ng5 Ng6 14. Ne4 Nc6
15. Nd6 Qc7 16. Be3 f5 17. f4 Nce7 18. dxc5 bxc5 19. Qf2 Qa5 20. Rac1 Nc8 21.
Nb7 Qa6 22. Nxc5 Qxc4 23. Rfd1 Nb6 24. Nxd7 Nxd7 25. Rxd7 Rfd8 26. Rd4 Qc6 27.
g3 Rxd4 28. Bxd4 a5 29. Rb1 Qc4 30. Qb2 a4 1/2-1/2

[Event "Povolje_2014_open"]
[Site "Ulyanovsk"]
[Date "2014.08.28"]
[Round "5"]
[White "Sazonov, Anatoliy"]
[Black "Ivanov, Nikolay A"]
[Result "1/2-1/2"]
[WhiteElo "1889"]
[BlackElo "1944"]
[PlyCount "31"]
[EventDate "2014.08.26"]
[EventRounds "9"]
[EventCountry "RUS"]

1. b3 Nf6 2. Bb2 g6 3. e4 Bg7 4. e5 Nd5 5. c4 Nb6 6. d4 d6 7. exd6 exd6 8. Be2
O-O 9. Nf3 N8d7 10. O-O Nf6 11. Nbd2 Re8 12. Re1 Bf5 13. Nh4 Bd7 14. Nhf3 Bf5
15. Nh4 Bd7 16. Nhf3 1/2-1/2

[Event "Povolje_2014_open"]
[Site "Ulyanovsk"]
[Date "2014.08.28"]
[Round "5"]
[White "Parfenov, Vladimir"]
[Black "Pisarenko, Oleg"]
[Result "1/2-1/2"]
[WhiteElo "1999"]
[BlackElo "1997"]
[PlyCount "45"]
[EventDate "2014.08.26"]
[EventRounds "9"]
[EventCountry "RUS"]

1. d4 d5 2. Nc3 Nf6 3. Bg5 e6 4. e4 dxe4 5. Nxe4 Be7 6. Bxf6 Bxf6 7. c3 Nd7 8.
Nf3 O-O 9. Bd3 b6 10. Qe2 Bb7 11. Rd1 Qe7 12. O-O c5 13. Nxf6+ Qxf6 14. Ne5
Nxe5 15. dxe5 Qe7 16. f4 Rad8 17. Bb1 Rxd1 18. Rxd1 Rd8 19. Rd3 Rxd3 20. Qxd3
g6 21. a3 Kf8 22. Bc2 Bc6 23. Qd2 1/2-1/2

[Event "Povolje_2014_open"]
[Site "Ulyanovsk"]
[Date "2014.08.28"]
[Round "5"]
[White "Rumyantsev, Nikolay"]
[Black "Pavlov, Anatoly F"]
[Result "1-0"]
[WhiteElo "1744"]
[BlackElo "2066"]
[PlyCount "83"]
[EventDate "2014.08.26"]
[EventRounds "9"]
[EventCountry "RUS"]

1. e4 d5 2. e5 c5 3. c3 Nc6 4. d4 Qb6 5. Nf3 e6 6. Bd3 g6 7. O-O Bg7 8. Re1
Nge7 9. b3 Bd7 10. dxc5 Qxc5 11. b4 Qb6 12. b5 Na5 13. a4 O-O 14. Ra2 Rfc8 15.
Ba3 Bf8 16. Bc1 h6 17. h4 Bg7 18. Be3 Qc7 19. Qc1 Kh7 20. h5 Nc4 21. Bd4 a6 22.
hxg6+ fxg6 23. b6 Nxb6 24. Qf4 Nc4 25. Nh4 Nf5 26. Nxg6 Kxg6 27. g4 Rf8 28. Kh1
Kh7 29. f3 Kh8 30. gxf5 exf5 31. Rg1 Be6 32. Rh2 Rf7 33. Rg6 Qe7 34. Rh5 Rg8
35. Qg3 Qe8 36. f4 Kh7 37. Qg5 Kh8 38. Be2 Rc7 39. Rh3 Bf8 40. Qf6+ Rgg7 41.
Rgxh6+ Kg8 42. Rh8# 1-0